| Tag |
First Indicator |
Second Indicator |
Subfields |
| LEADER |
00000cam a2200000 4500 |
| 001 |
in00000060859 |
| 005 |
20151008051042.0 |
| 008 |
720803s1962 eng u |
| 010 |
|
|
|a 62052505
|
| 035 |
|
|
|a (OCoLC)00372957
|
| 035 |
|
|
|9 AAG5324AM
|
| 040 |
|
|
|c WSU
|d TXA
|d UtOrBLW
|
| 049 |
|
|
|a TXAM
|c [354991]
|
| 090 |
|
|
|a BC141
|b .C3 1962
|
| 092 |
|
|
|a 164
|b C288 1962
|
| 100 |
1 |
|
|a Carnap, Rudolf,
|d 1891-1970.
|
| 245 |
1 |
0 |
|a Logical foundations of probability.
|
| 250 |
|
|
|a [2d ed.
|
| 264 |
|
1 |
|a Chicago] :
|b University of Chicago Press,
|c [1962]
|
| 300 |
|
|
|a 613 pages
|
| 336 |
|
|
|a text
|b txt
|2 rdacontent
|
| 337 |
|
|
|a unmediated
|b n
|2 rdamedia
|
| 338 |
|
|
|a volume
|b nc
|2 rdacarrier
|
| 650 |
|
0 |
|a Probabilities.
|
| 999 |
|
|
|a MARS
|
| 999 |
f |
f |
|s e8b8f4d6-a2c9-323a-aa84-c4bf7f9ab001
|i e0c36de5-2105-3bda-ab09-b5d6eb49a3ec
|t 0
|
| 952 |
f |
f |
|p normal
|a Texas A&M University
|b College Station
|c Sterling C. Evans Library
|d Evans: Library Stacks
|t 0
|e BC141 .C3 1962
|h Library of Congress classification
|i unmediated -- volume
|m A14800530599
|
| 998 |
f |
f |
|a BC141 .C3 1962
|t 0
|l Evans: Library Stacks
|